La evaluación psicopedagógica

Сохранить в:
Библиографические подробности
Главные авторы: Bonals, Joan (Автор), Sánchez-Cano, Manuel (Автор)
Формат:
Язык:испанский
Опубликовано: Barcelona Grao 2007
Редактирование:3a. ed
Серии:Formación y Desarrollo Profesional del Profesorado, 208
Предметы:
Метки: Добавить метку
Нет меток, Требуется 1-ая метка записи!

MARC

LEADER 00000nam a2200000 a 4500
001 UCI8591
003 CL-VaPUC
008 080911e20070000SP |||||||||||||||||spa|d
020 |a 9788478273669 
082 0 4 |a 370.15  |b BON  |2 21 
100 0 |a Bonals, Joan  |e author  |9 532102 
700 0 |a Sánchez-Cano, Manuel  |e author  |9 532103 
245 1 3 |a La evaluación psicopedagógica 
250 |a 3a. ed 
300 |a 458 p 
942 |c BK 
945 |d 20080911 00:00:00  |a jtorresc 
260 |a Barcelona  |b Grao  |c 2007 
650 0 |a Psicología del aprendizaje  |9 306854 
650 0 |a Evaluación de la educación   |9 237505 
650 0 |a Estadística   |9 259535 
583 |a last modification  |c 20080911 00:00:00  |k Rodrigo Vera 
490 0 |a Formación y Desarrollo Profesional del Profesorado, 208 
999 |c 331413  |d 331411 
952 |0 0  |1 0  |4 0  |6 370_150000000000000_BON_2007  |7 0  |8 A  |9 418062  |a BIBEDU  |b BIBEDU  |d 2019-11-22  |i 4480724  |o 370.15 BON 2007  |p 4480724  |r 2019-11-22  |w 2019-11-22  |y BK  |k EBA 
952 |0 0  |1 0  |4 0  |6 370_150000000000000_BON_2007  |7 0  |8 A  |9 418063  |a BIBEDU  |b BIBEDU  |d 2019-11-22  |i 4510909  |l 3  |o 370.15 BON 2007  |p 4510909  |r 2021-12-27  |s 2020-12-30  |w 2019-11-22  |y BK  |k PSI 
952 |0 0  |1 0  |4 0  |6 370_150000000000000_BON_2007  |7 0  |8 A  |9 418064  |a BIBEDU  |b BIBEDU  |d 2019-11-22  |i 4604296  |o 370.15 BON 2007  |p 4604296  |r 2019-11-22  |w 2019-11-22  |y BK  |k EPE